Districts of Papua New Guinea on a Map - Statistics

General Stats
  • This quiz has been taken 39 times
  • The average score is 19 of 87
Answers on the Map
Answers color-coded by a green-red scale on the quiz's map according to % correct below.
 
Answer Stats
District % Correct
National Capital District
95%
Lae
65%
North Bougainville
45%
South Bougainville
45%
Central Bougainville
40%
Madang
40%
Rabaul
40%
Kerema
35%
Manus
35%
Mount Hagen
35%
Kandrian-Gloucester
30%
Kavieng
30%
Kokopo
30%
Vanimo-Green River
30%
Bogia
25%
Gazelle
25%
Namatanai
25%
Pomio
25%
Wewak
25%
Aitape-Lumi
20%
Alotau
20%
Ambunti-Dreikikier
20%
Chuave
20%
Goilala
20%
Goroka
20%
Huon
20%
Jimi
20%
Kairuku-Hiri
20%
Kandep
20%
Kikori
20%
Komo-Magarima
20%
Koroba-Kopiago
20%
Mendi-Munihu
20%
North Waghi
20%
Samarai-Murua
20%
South Fly
20%
Sumkar
20%
Talasea
20%
Tari-Pori
20%
Telefomin
20%
Wabag
20%
Wapenamanda
20%
Yangoru-Saussia
20%
Abau
15%
Anglimp-South Waghi
15%
Angoram
15%
Bulolo
15%
Daulo
15%
Dei
15%
Esa'ala
15%
Finschafen
15%
Gumine
15%
Henganofi
15%
Ialibu-Pangia
15%
Ijivitari
15%
Imbonggu
15%
Kabwum
15%
Kagua-Erave
15%
Kainantu
15%
Karimui-Nomane
15%
Kerowagi
15%
Kompiam
15%
Kundiawa-Gembogl
15%
Lagaip-Pogera
15%
Lufa
15%
Maprik
15%
Markham
15%
Menyamya
15%
Middle Fly
15%
Middle Ramu
15%
Mul-Baiyer
15%
Nawae
15%
Nipa-Kutubu
15%
North Fly
15%
Nuku
15%
Obura-Wonenara
15%
Okapa
15%
Rigo
15%
Sina Sina-Yonggomugl
15%
Sohe
15%
Tambul-Nebilyer
15%
Tewae-Siassi
15%
Unggai-Benna
15%
Usino Bundi
15%
Wosera-Gawi
15%
Kiriwina-Goodenough
10%
Rai Coast
10%
No matching quizzes found
Score Distribution
Percent of People with Each Score
Percentile by Number Answered
Your Score History
You have not taken this quiz